[Event "ESP-ch"]
[Site "Palencia"]
[Date "1999.08.20"]
[Round "2"]
[White "Cardenas Valero, Ramon"]
[Black "Garbisu de Goni, Unai"]
[Result "0-1"]
[WhiteElo "2236"]
[BlackElo "2422"]
[PlyCount "54"]
[EventDate "1999.08.19"]
[Source "ChessBase"]
[SourceDate "1999.09.14"]

1. e4 e5 2. Nc3 Nf6 3. f4 d5 4. fxe5 Nxe4 5. Nf3 Nc6 6. Bb5 Bb4 7. Qe2 Bf5 8. O-O O-O 9. Bd3 Bg6 10. Nxe4 dxe4 11. Bxe4 Nd4 12. Qd3 Nxf3+ 13. Rxf3 Qh4 14. Bxg6 fxg6 15. Qd5+ Kh8 16. g3 Qg4 17. Kg2 c6 18. h3 Qh5 19. Qe4 Rxf3 20. Qxf3 Qxe5 21. d4 Qe1 22. Qf1 Qe4+ 23. Qf3 Qxc2+ 24. Qf2 Qe4+ 25. Kg1 Rf8 26. Bf4 g5 27. Qe3 Rxf4 0-1

[Event "BRA Ch 61st"]
[Site "Brazil"]
[Date "1995.??.??"]
[Round "6"]
[White "Pelikian, Jefferson"]
[Black "Segal, Alexandru Sorin"]
[Result "1-0"]
[WhiteElo "2335"]
[BlackElo "2320"]
[PlyCount "85"]
[EventDate "1995.??.??"]
[Source "www.chesslib.no"]
[SourceDate "2004.05.04"]

1. e4 Nf6 2. Nc3 e5 3. f4 d5 4. fxe5 Nxe4 5. Nf3 Bc5 6. d4 Bb4 7. Bd2 Nxd2 8. Qxd2 Bf5 9. Bd3 Qd7 10. O-O Nc6 11. Bxf5 Qxf5 12. Ng5 Qg6 13. Nxf7 O-O 14. Ng5 Bxc3 15. bxc3 h6 16. Nh3 Ne7 17. Nf4 Qg5 18. Rf2 Rf7 19. Nd3 Rxf2 20. Qxg5 hxg5 21. Nxf2 Kf7 22. Rf1 b6 23. g3 Kg6 24. Nd3 Re8 25. g4 c5 26. dxc5 bxc5 27. Nxc5 Nc6 28. e6 Nd8 29. Re1 Kf6 30. Kf2 Ke7 31. Nb3 Nc6 32. Kg3 Rh8 33. Re2 Rh6 34. Nd4 Nxd4 35. cxd4 Rh8 36. Re5 Rc8 37. Rxg5 Rc3+ 38. Kf4 Rxc2 39. Ke5 Re2+ 40. Kxd5 Rxa2 41. Rxg7+ Kf8 42. Rf7+ Ke8 43. h4 1-0

[Event "BRA Ch m"]
[Site "Brazil"]
[Date "1991.??.??"]
[Round "4"]
[White "Matsuura, Everaldo"]
[Black "Segal, Alexandru Sorin"]
[Result "1-0"]
[WhiteElo "2330"]
[BlackElo "2325"]
[PlyCount "65"]
[EventDate "1991.??.??"]
[Source "www.chesslib.no"]
[SourceDate "2004.05.04"]

1. e4 Nf6 2. Nc3 e5 3. f4 d5 4. fxe5 Nxe4 5. Nf3 Nc6 6. Qe2 Nxc3 7. dxc3 Be7 8. Bf4 Bg4 9. O-O-O Bxf3 10. gxf3 Bg5 11. Qe3 Bxf4 12. Qxf4 Ne7 13. c4 Ng6 14. Qg3 d4 15. h4 Kf8 16. h5 Ne7 17. Bh3 c5 18. h6 Rg8 19. hxg7+ Rxg7 20. Bg4 b5 21. e6 bxc4 22. exf7 c3 23. Qe5 cxb2+ 24. Kxb2 Qb8+ 25. Qxb8+ Rxb8+ 26. Ka1 Rxf7 27. Rh5 Rb5 28. Rxd4 cxd4 29. Rxb5 Rf6 30. Rb8+ Kf7 31. Rb7 Ra6 32. Rd7 Ra4 33. Kb2 1-0